00366nam a2200145 a 4500008004100000020001500041050001500056100001900071245004600090250000800136260003500144300001500179350000900194650001700203071001s1998 ||||||||||||||||| || u a0813399696 aJC 571 Don aDonnelly, Jack10aInternational human rightscJack Donnelly a2nd aColoradobWestview Pressc1998 axvi, 216p. a0.00 0aHUMAN RIGHTS